Biggest cities by population starting with Y - Statistics

General Stats
  • This quiz has been taken 18 times
  • The average score is 4 of 7
Answer Stats
Population Country Answer % Correct
~1,299,400 Cameroon Yaounde
94%
~1,093,500 Armenia Yerevan
94%
~4,477,600 Myanmar Yangon
89%
~3,574,400 Japan Yokohama
83%
~1,349,800 Russia Yekaterinburg
78%
~1,200,000 China Yueyang
6%
~2,612,800 China Yunfu
0%
No matching quizzes found
Score Distribution
Percent of People with Each Score
Percentile by Number Answered
Your Score History
You have not taken this quiz